000 00597nam a22002177a 4500
003 OSt
005 20210414102032.0
008 210311s1975 ||||| |||| 00| 0 eng d
020 _a0-89041-025-9
040 _aeng
_beng
_cDLC
041 _aeng
080 _a821.111
_bG-72
100 _91384
_aGrant Ben
245 _aAlice Dies Twice
_c/ by: Major Books
260 _aChatsworth, California
_bMajor Books
_c1975
300 _a176 p.
_bill.
365 _b1.25 usd
650 0 _9247
_aEnglish literature
653 _aინგლისური ლიტერატურა
942 _2udc
_cBK
999 _c2157
_d2157